| 000 | 004520000a22001690004500 | ||
|---|---|---|---|
| 041 | 0 | _aSPA | |
| 082 | 0 | 4 | _aG 234.8 Y542c |
| 100 | 1 | _aYocum, Dale M. | |
| 245 | 1 | 0 | _aEl camino santo / Dale M. Yocum ; Steven E. Hight, Traductor |
| 260 | _aColumbus, IN. : Friends of Missions | ||
| 300 | _a222 Pág. | ||
| 001 | 13992 | ||
| 942 | _cBK | ||
| 999 |
_c42916 _d42916 |
||
| 336 |
_atexto _btxt _2rdacontent |
||
| 337 |
_2rdamedia _asin mediación _bn |
||
| 338 |
_2rdacarrier _avolumen _bnc |
||